Valley of tomorrow: the TVA and agriculture (Record no. 501719)

000 -LEADER
fixed length control field 00436cam a22001337a 4500
008 - FIXED-LENGTH DATA ELEMENTS--GENERAL INFORMATION
fixed length control field 180718b1952 xxu||||| |||| 00| 0 eng d
082 ## - DEWEY DECIMAL CLASSIFICATION NUMBER
Classification number Zx768 T256
100 ## - MAIN ENTRY--PERSONAL NAME
Personal name Wengert, Norman I.
245 ## - TITLE STATEMENT
Title Valley of tomorrow: the TVA and agriculture
Statement of responsibility, etc. by Norman I. Wengert
260 ## - PUBLICATION, DISTRIBUTION, ETC.
Place of publication, distribution, etc. Knoxville
Name of publisher, distributor, etc. Bureau of Public Administration
Date of publication, distribution, etc. 1952
300 ## - PHYSICAL DESCRIPTION
Extent 151p.
650 ## - SUBJECT ADDED ENTRY--TOPICAL TERM
Topical term or geographic name entry element Agriculture --Tennessee River Valley
650 ## - SUBJECT ADDED ENTRY--TOPICAL TERM
Topical term or geographic name entry element Tennessee Valley Authority
Holdings
Withdrawn status Lost status Damaged status Not for loan Permanent Location Current Location Date acquired Full call number Barcode Date last seen Price effective from Koha item type
        Indian Institute of Public Administration Indian Institute of Public Administration 2018-08-04 Zx768 T256 GR1288 2018-08-04 2018-08-04 GR

Powered by Koha